Validación del instrumento: resultados clínicos en evaluación de rutina (CORE) = Validation on the instrument: clinical results in the routine evaluation (CORE) /

Guardat en:
Dades bibliogràfiques
Autor principal: Vargas Fallas, Kattia
Altres autors: Prada Villalobos, Silvia
Format: Text
Etiquetes: Afegir etiqueta
Sense etiquetes, Sigues el primer a etiquetar aquest registre!

MARC

LEADER 00000 a a2200000 04500
001 47903
003
040
100 |a Vargas Fallas, Kattia  
245 |a Validación del instrumento: resultados clínicos en evaluación de rutina (CORE) =   |b Validation on the instrument: clinical results in the routine evaluation (CORE) /  |c Kattia Vargas Fallas, Silvia Prada Villalobos  
700 |a Prada Villalobos, Silvia  
773 |g volumen10, número10, (2013), páginas 33-44  
999 |c 25636  |d 25636